|
|
|
|
| LEADER |
00646nab a2200181 i 4500 |
| 001 |
acta15876 |
| 005 |
20210326131709.0 |
| 008 |
161015s2001 hu o 0|| eng d |
| 022 |
|
|
|a 0001-6969
|
| 040 |
|
|
|a SZTE Egyetemi Kiadványok Repozitórium
|b hun
|
| 041 |
|
|
|a eng
|
| 100 |
1 |
|
|a Grillet Pierre Antoine
|
| 245 |
1 |
0 |
|a Fully invariant congruences on free commutative semigroups
|h [elektronikus dokumentum] /
|c Grillet Pierre Antoine
|
| 260 |
|
|
|c 2001
|
| 300 |
|
|
|a 571-600
|
| 490 |
0 |
|
|a Acta scientiarum mathematicarum
|v 67 No. 3-4
|
| 695 |
|
|
|a Matematika
|
| 856 |
4 |
0 |
|u http://acta.bibl.u-szeged.hu/15876/1/math_067_numb_003_004_571-600.pdf
|z Dokumentum-elérés
|